La plaga de la langosta / (Registro nro. 163590)

Detalles MARC
000 -LEADER
campo de control de longitud fija 01508nam a22002175i 4500
001 - NÚMERO DE CONTROL
campo de control 163590
003 - IDENTIFICADOR DE NÚMERO DE CONTROL
campo de control ES-MaACL
005 - FECHA Y HORA DE LA ÚLTIMA TRANSACCIÓN
campo de control 20230906212755.0
008 - DATOS DE LONGITUD FIJA--INFORMACIÓN GENERAL
campo de control de longitud fija 951113m18871890sp |||| | spa d
040 ## - FUENTE DE CATALOGACIÓN
Centro catalogador/agencia de origen CLM
Lengua de catalogación spa
Centro/agencia transcriptor CCPB | SIC
100 1# - ENTRADA PRINCIPAL--NOMBRE DE PERSONA
Nombre de persona Rivas Moreno, Francisco.
9 (RLIN) 97583
245 13 - MENCIÓN DEL TÍTULO
Título La plaga de la langosta /
Mención de responsabilidad, etc. por F. Rivas Moreno.
260 ## - PUBLICACIÓN, DISTRIBUCIÓN, ETC.
Lugar de publicación, distribución, etc. Madrid :
Nombre del editor, distribuidor, etc. [s.n.],
Fecha de publicación, distribución, etc. 1887-1890.
300 ## - DESCRIPCIÓN FÍSICA
Extensión 3 v. ;
Dimensiones 17 cm.
500 ## - NOTA GENERAL
Nota general 5 t. en 3 v.
505 8# - NOTA DE CONTENIDO CON FORMATO
Nota de contenido con formato T. 1. La plaga de la langosta en México, Argelia y otros países : sus estragos y medios de combatirlo. - 1888. - 172, XXXVII p. ; 24 cm T. 2. La plaga de la langosta : sus estragos, medios de combatirlo y juicio critico de la legislación vigente / con un prologo del señor Miguel López Martínez. - Madrid : Tip. de Manuel Gines Hernández, 1887. - XVI, 349 p. T. 3. La plaga de la langosta : sus estragos y medios de combatirla. - Madrid : Imp. de El Resumen, 1888. - 195 p. t. 4. La plaga de la langosta en Chipre, los Estados Unidos, Italia y las Repúblicas del Sur de América : sus estragos y medios de combatirla. - Madrid : Imp. de El Resumen, 1889. - 267 p. t. 5. La plaga de la langosta : sus estragos y medios de combatirla. - Madrid : Imp. a cargo de José Quesada, 1890. - 312 p.
650 #4 - PUNTO DE ACCESO ADICIONAL DE MATERIA--TÉRMINO DE MATERIA
Término de materia o nombre geográfico como elemento de entrada Plagas del campo.
9 (RLIN) 136703
650 #4 - PUNTO DE ACCESO ADICIONAL DE MATERIA--TÉRMINO DE MATERIA
Término de materia o nombre geográfico como elemento de entrada Langostas (Insecto)-
Subdivisión general Control.
9 (RLIN) 155797
852 ## - LOCALIZACIÓN
Ubicación ES-MaACL
Número de control de estantería G-10144-46
Nota libre -- Enc. hol.
condición física -- Falto del t.I-II
852 ## - LOCALIZACIÓN
Ubicación ES-MaACL
Número de control de estantería T-740-F-4
Nota libre -- Enc. hol.
condición física -- Sólo t.I (172, XXXVII p.)
Existencias
Estatus retirado Estado de pérdida Estado de daño No para préstamo Colección Biblioteca de origen Biblioteca actual Ubicación en estantería Fecha de adquisición Total de préstamos Signatura topográfica completa Código de barras Visto por última vez Precio de reemplazo Tipo de ítem Koha
        Colección de folletos Biblioteca del Ateneo de Madrid Biblioteca del Ateneo de Madrid Depósito folletos 17/01/2008   T-740-F-4 1171429 23/02/2023 23/02/2023 Folleto
        Libros del s. XIX Biblioteca del Ateneo de Madrid Biblioteca del Ateneo de Madrid Sala Pecera Planta 3 17/01/2008   G-10144-46 1171428 23/02/2023 23/02/2023 Libro impreso antiguo